Nguyễn Công Trứ Tác giả, tác phẩm, giai thoại
Na minha lista:
| Autor principal: | |
|---|---|
| Formato: | Livro |
| Idioma: | Undetermined |
| Publicado em: |
Tp HCM
ĐHQG
2002
|
| Assuntos: | |
| Tags: |
Adicionar Tag
Sem tags, seja o primeiro a adicionar uma tag!
|
| Thư viện lưu trữ: | Trung tâm Học liệu Trường Đại học Cần Thơ |
|---|
| LEADER | 00560nam a2200181Ia 4500 | ||
|---|---|---|---|
| 001 | CTU_50205 | ||
| 008 | 210402s9999 xx 000 0 und d | ||
| 082 | |a 895.922109 | ||
| 082 | |b Ng406 | ||
| 100 | |a NGUYỄN VIẾT NGOẠN | ||
| 245 | 0 | |a Nguyễn Công Trứ | |
| 245 | 0 | |b Tác giả, tác phẩm, giai thoại | |
| 245 | 0 | |c NGUYỄN VIẾT NGOẠN | |
| 260 | |a Tp HCM | ||
| 260 | |b ĐHQG | ||
| 260 | |c 2002 | ||
| 650 | |a vietnamese poetry - 19th century - history and criticism | ||
| 980 | |a Trung tâm Học liệu Trường Đại học Cần Thơ | ||